MARC

Tag First Indicator Second Indicator Subfields
LEADER 00000cam a2200000 a 4500
001 in00000001720
007 he bmb024bbca
008 990402s1996 ncua b f000 0 eng d
005 20230309222538.7
035 |a (OCoLC)41093448 
035 |9 AJC4914AM 
035 |a in00000001720 
040 |a GPO  |c GPO  |d DLC  |d MvI  |d UtOrBLW 
043 |a n-us--- 
049 |a UDOC 
049 |a WWW 
074 |a 0274-F-07 (MF) 
074 |a 0274-F-07 (online) 
086 0 |a C 55.287/62:96-03 
100 1 |a Lott, Neal. 
245 1 2 |a A comparison of NEXRAD rainfall estimates with recorded amounts /  |c Neal Lott, Matthew Sittel. 
264 1 |a [Asheville, N.C.] :  |b National Climatic Data Center, Research Customer Service Group,  |c [1996] 
300 |a 11 pages, 16 unnumbered leaves :  |b illustrations (some color) ;  |c 28 cm. 
336 |a text  |b txt  |2 rdacontent 
337 |a microform  |b h  |2 rdamedia 
338 |a microfiche  |b he  |2 rdacarrier 
490 1 |a Technical report ;  |v 96-03 
500 |a Cover title. 
500 |a Shipping list number: 99-0009-M. 
500 |a "August 1996." 
530 |a Also available via Internet from the NCDC web site. 
533 |a Microfiche.  |b [Washington, D.C.] :  |c Supt. of Docs., U.S. G.P.O.,  |d [1998]  |e 1 microfiche : negative. 
500 |a Microform. 
650 0 |a Storms  |z United States. 
650 0 |a Precipitation (Meteorology)  |x Measurement. 
650 0 |a Radar meteorology. 
700 1 |a Sittel, Matthew. 
710 2 |a National Climatic Data Center (U.S.).  |b Research Customer Service Group. 
830 0 |a Technical report ;  |v 96-03. 
830 0 |a Technical report (National Climatic Data Center (U.S.). Research Customer Service Group) ;  |v 96-03. 
856 4 1 |u https://purl.fdlp.gov/GPO/LPS2548  |z PURL accesses list of NCDC technical reports from which a link may be made to the title desired  |t 0 
999 |a MARS 
999 f f |i 20905f8e-a4b7-3053-b0b0-6a06ab5a84bb  |s ee747dda-febb-3bff-a5a3-6877647db315  |t 0 
952 f f |p normal  |a Texas A&M University  |b College Station  |c Sterling C. Evans Library  |d Evans: US Documents Microfiche (3rd floor)  |t 0  |e C 55.287/62:96-03  |h Superintendent of Documents classification  |i microform -- microfiche  |m A14838190129 
952 f f |a Texas A&M University  |b College Station  |c Electronic Resources  |d Available Online  |t 0  |e C 55.287/62:96-03  |h Superintendent of Documents classification 
998 f f |a C 55.287/62:96-03  |t 0  |l Available Online 
998 f f |a C 55.287/62:96-03  |t 0  |l Evans: US Documents Microfiche (3rd floor)